Countries Closest to the U.S. Minor Outlying Islands - Statistics

General Stats
  • This quiz has been taken 24 times
    16 since last reset
  • The average score is 14 of 20
Answer Stats
Distance (mi) Answer Distance (km) % Correct
776 Mexico 1,249
92%
517 Aruba (Netherlands) 832
83%
102 Cuba 165
83%
197 Dominican Republic 317
83%
34 Haiti 55
83%
276 Turks and Caicos Islands (United Kingdom) 444
83%
295 Colombia 475
75%
83 Jamaica 134
75%
194 Bahamas 312
67%
821 Belize 1,322
67%
140 Kiribati 225
67%
354 Marshall Islands 569
67%
579 Nicaragua 932
67%
655 Panama 1,055
67%
801 St. Kitts and Nevis 1,289
67%
490 Venezuela 788
67%
774 Costa Rica 1,246
58%
548 Honduras 882
58%
661 Tokelau (New Zealand) 1,064
58%
625 Tuvalu 1,006
58%
No matching quizzes found
Score Distribution
Percent of People with Each Score
Percentile by Number Answered
Your Score History
You have not taken this quiz since the last reset